000 00361nam a22001337a 4500
020 _qPB.
040 _cFizza Ishaq
082 _a150
_bROL
100 _aMay, Rollo.
_9133779
245 _aPsychology and the Human Dilemma /
_cRollo May.
260 _aNew York ;
_bVan Nostrand Reinhold Trade,
_c1961.
300 _a221 p. ;
_c8.1x5.5x.5 inches
942 _2ddc
_cBK
999 _c616740
_d616740